[Event "Sunny Beach op-B 13th"]
[Site "Sunny Beach"]
[Date "2014.09.09"]
[Round "4"]
[White "Petrov, Simeon"]
[Black "Nikolov, Jordan"]
[Result "1/2-1/2"]
[WhiteElo "2041"]
[BlackElo "2042"]
[PlyCount "57"]
[EventDate "2014.09.06"]
[EventType "swiss"]
[EventRounds "9"]
[EventCountry "BUL"]
[SourceTitle "CBM 162 Extra"]
[Source "ChessBase"]
[SourceDate "2014.10.17"]
[SourceVersion "1"]
[SourceVersionDate "2014.10.17"]
[SourceQuality "1"]

1. f4 Nf6 2. Nf3 c5 3. g3 g6 4. Bg2 Bg7 5. 0-0 0-0 6. d3 d5 7. Nbd2 Nc6 8. c3 Qb6 9. h3 Nh5 10. Qe1 e5 11. e3 exf4 12. exf4 Qc7 13. Kh2 b6 14. Qd1 a5 15. Re1 a4 16. a3 Bd7 17. Nf1 b5 18. Be3 Qb6 19. d4 cxd4 20. Nxd4 Na5 21. Qf3 Nf6 22. Rad1 Nc4 23. Bc1 Rfe8 24. Qd3 Rad8 25. Ne3 h5 26. Nf3 Be6 27. Nc2 Ne4 28. Qf1 Qc5 29. Ncd4 1/2-1/2

[Event "Kesarovski Georgiev Memorial-B 12th"]
[Site "Sunny Beach"]
[Date "2013.09.04"]
[Round "5"]
[White "El Ayyash, Rawad"]
[Black "Petrov, Simeon"]
[Result "0-1"]
[WhiteElo "1819"]
[BlackElo "2042"]
[PlyCount "104"]
[EventDate "2013.08.31"]
[EventType "swiss"]
[EventRounds "9"]
[EventCountry "BUL"]
[SourceTitle "CBM 156 Extra"]
[Source "ChessBase"]
[SourceDate "2013.10.22"]
[SourceVersion "1"]
[SourceVersionDate "2013.10.22"]
[SourceQuality "1"]

1. d4 d5 2. Nf3 Nf6 3. c3 Bf5 4. Bf4 e6 5. Qb3 Qc8 6. Nbd2 Nbd7 7. e3 h6 8. Be2 Be7 9. Rc1 Nh5 10. Bg3 Nxg3 11. hxg3 0-0 12. c4 c6 13. Bd3 Bxd3 14. Qxd3 Qd8 15. a3 a6 16. c5 f5 17. b4 Qe8 18. Ng1 e5 19. Nb3 f4 20. exf4 exf4 21. Ne2 fxg3 22. Qxg3 Bg5 23. Rc2 Nf6 24. 0-0 Ne4 25. Qe5 Qg6 26. Rb2 Rf5 27. Qc7 Rf7 28. Qh2 Raf8 29. f4 Qe6 30. Rf3 Qg4 31. Qh3 Qxh3 32. gxh3 Bxf4 33. Rxf4 Rxf4 34. Nxf4 Rxf4 35. Kg2 Kf8 36. Re2 g5 37. Nc1 g4 38. hxg4 Rxg4+ 39. Kh2 Ng5 40. Re3 Rxd4 41. Ne2 Re4 42. Rxe4 Nxe4 43. Kh3 Kg7 44. Kg4 Kf6 45. Kf4 Nd2 46. Nc3 h5 47. a4 h4 48. b5 h3 49. Kg3 Ne4+ 50. Nxe4+ dxe4 51. bxc6 bxc6 52. Kxh3 Kf5 0-1

[Event "Kesarovski Georgiev Memorial 11th"]
[Site "Sunny Beach"]
[Date "2012.09.04"]
[Round "4"]
[White "Petrov, Simeon"]
[Black "Elishev, Ivan"]
[Result "0-1"]
[WhiteElo "2036"]
[BlackElo "2204"]
[PlyCount "86"]
[EventDate "2012.09.01"]
[EventType "swiss"]
[EventRounds "9"]
[EventCountry "BUL"]
[SourceTitle "CBM 150 Extra"]
[Source "ChessBase"]
[SourceDate "2012.10.19"]
[SourceVersion "1"]
[SourceVersionDate "2012.10.19"]
[SourceQuality "1"]

1. e4 d5 2. exd5 Nf6 3. d4 Bg4 4. Nf3 Qxd5 5. Be2 Nc6 6. c4 Qh5 7. Nc3 0-0-0 8. Be3 e5 9. d5 e4 10. Nd2 Ne5 11. Ndxe4 Bxe2 12. Qxe2 Qxe2+ 13. Kxe2 Nxe4 14. Nxe4 Nxc4 15. Bd4 Rxd5 16. Rhd1 Nd6 17. Nc3 Rg5 18. Kf1 a6 19. f3 Nb5 20. Ne4 Rd5 21. Be3 Rxd1+ 22. Rxd1 Nd6 23. Nc3 Nf5 24. Bg1 Bd6 25. Ne4 Be7 26. Bf2 Nd6 27. Nc3 Bf6 28. Rc1 Bxc3 29. Rxc3 Kd7 30. Ke2 Re8+ 31. Kd2 f5 32. b3 g6 33. Bg3 b6 34. Rd3 Re6 35. h3 c5 36. Bf4 Kc6 37. Be3 b5 38. h4 a5 39. Bf4 c4 40. Rd4 Kc5 41. Be3 c3+ 42. Kd3 Rxe3+ 43. Kxe3 c2 0-1

[Event "Kesarovski Georgiev Memorial 11th"]
[Site "Sunny Beach"]
[Date "2012.09.02"]
[Round "2"]
[White "Petrov, Simeon"]
[Black "Chervenkov, Dinko"]
[Result "1-0"]
[WhiteElo "2036"]
[BlackElo "1725"]
[PlyCount "71"]
[EventDate "2012.09.01"]
[EventType "swiss"]
[EventRounds "9"]
[EventCountry "BUL"]
[SourceTitle "CBM 150 Extra"]
[Source "ChessBase"]
[SourceDate "2012.10.19"]
[SourceVersion "1"]
[SourceVersionDate "2012.10.19"]
[SourceQuality "1"]

1. Nf3 c5 2. e4 d6 3. d4 b6 4. Nc3 Bb7 5. Bb5+ Bc6 6. 0-0 a6 7. Bxc6+ Nxc6 8. d5 Nb8 9. e5 dxe5 10. Nxe5 Nd7 11. Nc6 Qc7 12. Re1 g6 13. g3 e5 14. dxe6 fxe6 15. Qg4 Ndf6 16. Qxe6+ Be7 17. Nxe7 Nxe7 18. Qxf6 Rf8 19. Nd5 Rxf6 20. Nxc7+ Kd7 21. Nxa8 Nc8 22. Bf4 Kc6 23. Rad1 Kb7 24. Re8 Rc6 25. Rdd8 g5 26. Rxc8 Rxc8 27. Rxc8 Kxc8 28. Nxb6+ Kb7 29. Bxg5 Kxb6 30. Be3 Kc6 31. Bxc5 Kxc5 32. Kf1 Kd5 33. Ke2 Ke4 34. f3+ Kd4 35. c3+ Kd5 36. Ke3 1-0

[Event "Dimitrovgrad op"]
[Site "Dimitrovgrad"]
[Date "2011.09.05"]
[Round "4"]
[White "Milanova, Maria"]
[Black "Petrov, Simeon"]
[Result "1/2-1/2"]
[WhiteElo "1852"]
[BlackElo "2047"]
[PlyCount "62"]
[EventDate "2011.09.05"]
[EventType "swiss"]
[EventRounds "7"]
[EventCountry "BUL"]
[SourceTitle "CBM 144 Extra"]
[Source "ChessBase"]
[SourceDate "2011.10.28"]
[SourceVersion "1"]
[SourceVersionDate "2011.10.28"]
[SourceQuality "1"]

1. Nf3 c5 2. g3 Nf6 3. Bg2 d6 4. 0-0 g6 5. d3 Bg7 6. e4 0-0 7. Re1 Nc6 8. c3 Bg4 9. Na3 Ne5 10. Nc2 d5 11. Bf4 dxe4 12. Bxe5 exf3 13. Bxf3 Bxf3 14. Qxf3 Qd7 15. d4 Qb5 16. Rab1 Rad8 17. Qe2 Qxe2 18. Rxe2 c4 19. a4 Nd5 20. Bxg7 Kxg7 21. Na3 Rc8 22. Re5 Rfd8 23. Nc2 e6 24. Ree1 Rc6 25. a5 Kf6 26. Ra1 a6 27. Ra4 h5 28. Nb4 Rc7 29. Re5 g5 30. Nxd5+ Rxd5 31. Rxd5 exd5 1/2-1/2

[Event "Radomir op"]
[Site "Radomir"]
[Date "2009.09.27"]
[Round "4"]
[White "Petrov, Simeon"]
[Black "Georgiev, Kiril"]
[Result "0-1"]
[WhiteElo "2019"]
[BlackElo "2645"]
[PlyCount "66"]
[EventDate "2009.09.26"]
[EventType "swiss"]
[EventRounds "7"]
[EventCountry "BUL"]
[SourceTitle "EXT 2010"]
[Source "ChessBase"]
[SourceDate "2010.11.25"]
[SourceVersion "1"]
[SourceVersionDate "2010.11.25"]
[SourceQuality "1"]

1. d4 Nf6 2. Nf3 g6 3. g3 Bg7 4. Bg2 d5 5. 0-0 c6 6. c3 0-0 7. Re1 Bf5 8. h3 Qc8 9. Kh2 c5 10. e3 Rd8 11. Qe2 Nc6 12. Nbd2 c4 13. Nh4 Bd3 14. Qd1 e5 15. dxe5 Nxe5 16. Nhf3 Nc6 17. Nd4 Ne4 18. Nxe4 dxe4 19. Bd2 Ne5 20. b4 Rd6 21. a4 Qd7 22. Bc1 Re8 23. b5 h5 24. Ba3 Rf6 25. Kg1 Nf3+ 26. Nxf3 exf3 27. Bf1 Qf5 28. Bxd3 cxd3 29. Kh2 h4 30. Rg1 Rfe6 31. Bb4 hxg3+ 32. Rxg3 Be5 33. Ra2 Bxg3+ 0-1

[Event "Radomir op"]
[Site "Radomir"]
[Date "2009.09.26"]
[Round "3"]
[White "Stoinev, Metodi"]
[Black "Petrov, Simeon"]
[Result "0-1"]
[WhiteElo "2309"]
[BlackElo "2019"]
[PlyCount "90"]
[EventDate "2009.09.26"]
[EventType "swiss"]
[EventRounds "7"]
[EventCountry "BUL"]
[SourceTitle "EXT 2010"]
[Source "ChessBase"]
[SourceDate "2010.11.25"]
[SourceVersion "1"]
[SourceVersionDate "2010.11.25"]
[SourceQuality "1"]

1. e4 c5 2. Nf3 e6 3. Nc3 d6 4. d4 cxd4 5. Nxd4 a6 6. g3 Nf6 7. Bg2 Be7 8. 0-0 Qc7 9. Re1 0-0 10. a4 Bd7 11. a5 Nc6 12. Nb3 Ne5 13. h3 Nc4 14. g4 Bc6 15. Qe2 Ne5 16. Nd4 Rfe8 17. f4 Ng6 18. f5 exf5 19. Nxc6 bxc6 20. exf5 Ne5 21. Bf4 Nfd7 22. Qf2 f6 23. Kh1 d5 24. Red1 Bd6 25. Ne2 Nc4 26. b3 Bxf4 27. bxc4 Be5 28. cxd5 Bxa1 29. dxc6 Ne5 30. Rxa1 Nxc6 31. Bd5+ Kh8 32. Nf4 h6 33. Ne6 Qe5 34. Rd1 Rac8 35. c4 Qc3 36. Nf4 Ne5 37. Kg2 Qxa5 38. Rd4 Rb8 39. Rd2 Rec8 40. Rc2 Qa3 41. Ra2 Qd6 42. Qd4 Nxc4 43. Re2 Ne5 44. Rd2 Rb4 45. Qf2 Qc5 0-1

[Event "Dimitrovgrad op 1st"]
[Site "Dimitrovgrad"]
[Date "2009.09.05"]
[Round "4"]
[White "Petrov, Simeon"]
[Black "Panaiotov, Janko"]
[Result "0-1"]
[WhiteElo "2019"]
[BlackElo "2211"]
[PlyCount "52"]
[EventDate "2009.09.05"]
[EventType "swiss"]
[EventRounds "7"]
[EventCountry "BUL"]
[SourceTitle "CBM 132 Extra"]
[Source "ChessBase"]
[SourceDate "2009.11.03"]
[SourceVersion "1"]
[SourceVersionDate "2009.11.03"]
[SourceQuality "1"]

1. e4 c5 2. Nf3 Nc6 3. d4 cxd4 4. Nxd4 Nf6 5. Nc3 g6 6. Be3 Bg7 7. f3 0-0 8. Bc4 Qb6 9. Qd2 Nxe4 10. Nxe4 Bxd4 11. Bxd4 Qxd4 12. 0-0-0 Qxc4 13. Qh6 f6 14. h4 Qf7 15. g4 d5 16. Ng3 e5 17. Qd2 Be6 18. Rdg1 Nd4 19. Qe3 Rac8 20. c3 Nb5 21. Kb1 d4 22. cxd4 Bxa2+ 23. Ka1 Nxd4 24. Rg2 Nb3+ 25. Kxa2 Nc1+ 26. Ka3 Qa2+ 0-1

[Event "Kesarovski Georgiev Memorial 7th"]
[Site "Sunny Beach"]
[Date "2008.09.08"]
[Round "1"]
[White "Filev, Georgi"]
[Black "Petrov, Simeon"]
[Result "0-1"]
[WhiteElo "2395"]
[BlackElo "2011"]
[PlyCount "64"]
[EventDate "2008.09.08"]
[EventType "swiss"]
[EventRounds "9"]
[EventCountry "BUL"]
[SourceTitle "CBM 126 Extra"]
[Source "ChessBase"]
[SourceDate "2008.11.05"]
[SourceVersion "1"]
[SourceVersionDate "2008.11.05"]
[SourceQuality "1"]

1. e4 c5 2. Nf3 d6 3. d4 cxd4 4. Nxd4 Nf6 5. Nc3 a6 6. Bg5 e6 7. f4 Be7 8. Qf3 0-0 9. 0-0-0 Qc7 10. Be2 b5 11. e5 Bb7 12. Qg3 dxe5 13. fxe5 Ne4 14. Nxe4 Bxe4 15. Bxe7 Qxe7 16. Bf3 Bb7 17. Rd3 Ra7 18. Rhd1 b4 19. h4 Bxf3 20. gxf3 Rc7 21. f4 Nc6 22. Nf3 a5 23. Rd6 a4 24. Kb1 b3 25. cxb3 axb3 26. a3 Na5 27. Ng5 Rc2 28. Nxe6 fxe6 29. Rd7 Nc4 30. R1d3 Rxb2+ 31. Kc1 Rc2+ 32. Kd1 Nb2+ 0-1

[Event "Ablanica op"]
[Site "Ablanica"]
[Date "2008.04.05"]
[Round "2"]
[White "Petrov, Simeon"]
[Black "Dimitrov, Ivan L"]
[Result "1-0"]
[WhiteElo "2011"]
[BlackElo "2375"]
[PlyCount "44"]
[EventDate "2008.04.05"]
[EventType "swiss"]
[EventRounds "7"]
[EventCountry "BUL"]
[SourceTitle "EXT 2009"]
[Source "ChessBase"]
[SourceDate "2008.11.26"]
[SourceVersion "1"]
[SourceVersionDate "2008.11.26"]
[SourceQuality "1"]

1. d4 Nf6 2. c4 c5 3. Nf3 g6 4. dxc5 Qa5+ 5. Nc3 Ne4 6. Qc2 Nxc3 7. Bd2 Bg7 8. Rc1 Qa4 9. b3 Qxa2 10. Qxa2 Nxa2 11. Rc2 b6 12. Rxa2 bxc5 13. g3 a5 14. Bg2 Bb7 15. Rxa5 Rxa5 16. Bxa5 Nc6 17. Bd2 Nd4 18. Nxd4 Bxg2 19. Rg1 Be4 20. Nb5 Bc2 21. Nc7+ Kd8 22. Ba5 Bc3+ 1-0

[Event "Kesarovski Georgiev Memorial 5th"]
[Site "Sunny Beach"]
[Date "2006.09.05"]
[Round "4.30"]
[White "Angelov, Zvetomir"]
[Black "Petrov, Simeon"]
[Result "1/2-1/2"]
[WhiteElo "2105"]
[BlackElo "2075"]
[PlyCount "137"]
[EventDate "2006.09.02"]
[EventType "swiss"]
[EventRounds "9"]
[EventCountry "BUL"]
[SourceTitle "CBM 114 Extra"]
[Source "ChessBase"]
[SourceDate "2006.11.03"]
[SourceVersion "1"]
[SourceVersionDate "2006.11.03"]
[SourceQuality "1"]

1. c4 Nf6 2. Nc3 e5 3. Nf3 e4 4. Ng5 d5 5. cxd5 Bf5 6. Ngxe4 Nxd5 7. Nxd5 Qxd5 8. Nc3 Qd7 9. d4 Be7 10. e3 0-0 11. Be2 c6 12. 0-0 Qc7 13. Bd3 Bxd3 14. Qxd3 Na6 15. a3 Rad8 16. e4 Bf6 17. Be3 Qb6 18. Rfd1 Nc7 19. b4 Ne6 20. d5 Qc7 21. Rac1 Qb8 22. Qe2 Nf4 23. Qf3 Ng6 24. Bd4 Be5 25. g3 Rfe8 26. Bxe5 Qxe5 27. dxc6 bxc6 28. Na4 a5 29. Nc5 axb4 30. axb4 Rd4 31. Rxd4 Qxd4 32. Qc3 Rd8 33. Nb7 Qxc3 34. Rxc3 Rb8 35. Nd6 Rxb4 36. Rxc6 Rb8 37. Rc7 Rf8 38. f4 f6 39. Kf2 h5 40. Ke3 Kh7 41. Nf5 Rg8 42. Rf7 Nh8 43. Rd7 Ng6 44. h4 Kh8 45. Kd4 Nf8 46. Re7 Ng6 47. Ra7 Kh7 48. Ke3 Nf8 49. Re7 Ng6 50. Rb7 Nf8 51. e5 fxe5 52. fxe5 Ne6 53. Re7 Kg6 54. Ke4 Nc5+ 55. Kf4 Nd3+ 56. Ke4 Nc5+ 57. Kd5 Kxf5 58. Kxc5 g5 59. Kd6 Rd8+ 60. Kc7 Rd3 61. hxg5 Rxg3 62. e6 h4 63. Kd7 Rd3+ 64. Ke8 Kxg5 65. Rh7 Re3 66. e7 h3 67. Kf8 Kg4 68. Rg7+ Kf3 69. Rf7+ 1/2-1/2

[Event "Kesarovski Georgiev Memorial 5th"]
[Site "Sunny Beach"]
[Date "2006.09.04"]
[Round "3.38"]
[White "Petrov, Simeon"]
[Black "Sinabov, Dimitur"]
[Result "1-0"]
[WhiteElo "2075"]
[BlackElo "1743"]
[PlyCount "83"]
[EventDate "2006.09.02"]
[EventType "swiss"]
[EventRounds "9"]
[EventCountry "BUL"]
[SourceTitle "CBM 114 Extra"]
[Source "ChessBase"]
[SourceDate "2006.11.03"]
[SourceVersion "1"]
[SourceVersionDate "2006.11.03"]
[SourceQuality "1"]

1. e4 c5 2. Nf3 d6 3. d4 cxd4 4. Nxd4 Nf6 5. Nc3 a6 6. g3 Qc7 7. Bg2 e6 8. 0-0 Be7 9. h3 Nc6 10. Be3 Bd7 11. Nde2 Rc8 12. g4 0-0 13. f4 b5 14. Ng3 Na5 15. g5 Ne8 16. Qe1 Nc4 17. Bc1 b4 18. Nd1 a5 19. c3 Qc5+ 20. Kh2 f6 21. h4 fxg5 22. hxg5 Nc7 23. cxb4 axb4 24. Ne3 Nxe3 25. Bxe3 Qb5 26. Ne2 Na6 27. Nd4 Qb8 28. Nb3 Rc2 29. Nd4 Rc4 30. Qe2 Qc8 31. Rac1 Rxc1 32. Rxc1 Qb7 33. Nb3 Bb5 34. Qg4 Bd7 35. Qe2 Bb5 36. Qc2 Bd7 37. Na5 Qb5 38. Nc6 Bxc6 39. Qxc6 Qxc6 40. Rxc6 Nc5 41. e5 Nb7 42. Rc7 1-0

[Event "Kesarovski Georgiev Memorial 5th"]
[Site "Sunny Beach"]
[Date "2006.09.02"]
[Round "1.24"]
[White "Petrov, Simeon"]
[Black "Panaiotov, Janko"]
[Result "0-1"]
[WhiteElo "2075"]
[BlackElo "2262"]
[PlyCount "102"]
[EventDate "2006.09.02"]
[EventType "swiss"]
[EventRounds "9"]
[EventCountry "BUL"]
[SourceTitle "CBM 114 Extra"]
[Source "ChessBase"]
[SourceDate "2006.11.03"]
[SourceVersion "1"]
[SourceVersionDate "2006.11.03"]
[SourceQuality "1"]

1. d4 Nf6 2. Nf3 e6 3. c4 b6 4. g3 Ba6 5. b3 Bb4+ 6. Bd2 Be7 7. Bg2 c6 8. Bc3 Ne4 9. Bb2 d5 10. Nbd2 Bb4 11. Rc1 f5 12. 0-0 Nd7 13. a3 Bd6 14. Ne1 Qe7 15. Nd3 Bb7 16. b4 0-0 17. Nf3 dxc4 18. Rxc4 a5 19. Nfe5 axb4 20. axb4 Rfc8 21. Nxd7 Qxd7 22. Ne5 Qe7 23. Bxe4 fxe4 24. Qc2 b5 25. Rc5 Bxc5 26. dxc5 Ra4 27. Rd1 Rd8 28. Rxd8+ Qxd8 29. Qxe4 Qd1+ 30. Kg2 Qd5 31. Qxd5 exd5 32. Bc3 Ra3 33. Bd2 Ra2 34. Nf3 Bc8 35. Be3 Bd7 36. Ne5 Be8 37. Kf3 Rb2 38. Nd3 Rb3 39. Kf4 Kf8 40. Kf5 d4 41. Bxd4 Bg6+ 42. Ke6 Bxd3 43. exd3 Rxd3 44. Ke5 g6 45. f4 Ke8 46. g4 Rb3 47. f5 Rxb4 48. f6 Rc4 49. f7+ Kf8 50. Kf6 Rxd4 51. Ke5 Kxf7 0-1